000 01330nam a22003257a 4500
001 000538
003 DO-SdBNP
005 20171110090612.0
007 000538
008 161010b 2004 uy a ||||| |||| 00| 0 spa d
020 _a9974781086
040 _aBPMSU
_bspa
_cBPMSU
082 4 _a 507
_bF954t
100 1 _aFuentes, Alberto
245 1 0 _aTecnología y ciencia /
_credacción de textos Alberto Fuentes ; ilustraciones especiales Paulo Soveron, dirección editorial Carlos Eduardo Rodríguez.
246 1 3 _aAprender ciencia y aplicar la tecnologia :
_bpara comprender la naturaleza.
260 _aMontevideo : Buenos Aires:
_bArquetipo Grupo Editorial : Cultural Librera Americana ,
_c2004.
300 _a360 p. :
_bil. ;
_c28 cm.
505 0 _tSomos lo que generamos --
_tObjetos y servicios tecnológicos --
_tNecesidades vitales: alimentarse y comunicarse --
_tDiferentes formas de energía --
_t El espacio y el tiempo --
_tLa cueva y las pieles.
650 4 _aCIENCIA Y TECNOLOGíA
650 4 _aCIENCIA
650 4 _aTECNOLOGÍA
650 4 _aESPACIO Y TIEMPO
700 1 2 _aSoveron, Paulo,
_eil.
700 1 2 _aRodríguez, Carlos Eduardo
910 _aValidado. Control de calidad MFF
942 _2ddc
_cBK
945 _aInvetariado extranjero / 2017 VM
956 _2LOPEREZ
_310
_620161010
_8BPMSU
_a00041
999 _c11507
_d11507